LEADER 01062nam0 22002651i 450 001 RML0317549 005 20231121125755.0 100 $a20121121d1983 ||||0itac50 ba 101 | $aeng 102 $aus 181 1$6z01$ai $bxxxe 182 1$6z01$an 200 1 $aCompression testing of homogeneous materials and composites$ea symposium sponsored by ASTM Committee E-28 on Mechanical Testing, Williamsburg, VA, 10-11 March 1982$fRichard Chait ... [et al.] eds 210 $aPhiladelphia $cASTM $d1983 215 $a294 p.$d24 cm 676 $a620.1$9$v21 702 1$aChait$b, Richard$3RMLV204973$4340 801 3$aIT$bIT-01$c20121121 850 $aIT-FR0099 899 $aBiblioteca Area Ingegneristica$bFR0099 912 $aRML0317549 950 0$aBiblioteca Area Ingegneristica$d 54INGFA 620.1 COM/8$e 54VM 0000881615 VM barcode:BAIN005324. - Inventario:1281VM$fA $h20111020$i20121204 977 $a 54 996 $aCompression Testing of Homogeneous Materials and Composites$92227138 997 $aUNICAS